000
00422nam a2200145Ia 4500
008
100204s9999 xx 000 0 und d
082
_b
19434
100
_a
पंडित राम
245
_a
तर्जुमा
260
_b
"वैदेही राम पंडित , मुंबई"
_c
1983
300
_a
98
630
_a
तर्जुमा
730
_a
तर्जुमा
942
_c
BOOK
999
_c
463856
_d
463853